History Quiz

Random History or Nation Quiz

Which Happened First? (1950s) Quiz Stats

Quiz Updated May 23, 2018

Challenge
Share
Tweet
Embed
Score 0/14 Timer 05:00
1 Play Today
A First to Occur % Correct
Alaska becomes a US state???
81.4%
Bobby Thomson hits the 'Shot Heard 'Round the World' off Ralph Branca and the Giants win the pennant???
78.3%
'The King and I' premieres on Broadway???
68.7%
Buddy Holly, Ritchie Valens, and The Big Bopper are killed when their plane crashes on 'The Day the Music Died'???
68%
Kerouac's 'On the Road' is published???
66.3%
Watson and Crick publish the first article describing the double helix structure of DNA???
65.1%
The word 'beatnik' is coined by Herb Caen in an article for the San Francisco Chronicle???
62.8%
A First to Occur % Correct
The Hungarian revolution begins???
56.8%
Alfred Hitchcock's 'Vertigo' is released???
56.3%
First episode of 'I Love Lucy' airs???
56.2%
Fidel Castro overthrows Fulgencio Batista and takes over Cuba on New Year's Day???
50%
Barbie is born???
48.5%
Malcolm Little changes his name to Malcolm X and becomes Assistant Minister of Nation of Islam’s Detroit Temple???
37.4%
Ford's Edsel is first introduced???
32.5%

You're not logged in!

Compare scores with friends on all Sporcle quizzes.
Join for Free
OR
Log In

You Might Also Like...

Show Comments

Extras

Top Quizzes Today


Score Distribution

Your Account Isn't Verified!

In order to create a playlist on Sporcle, you need to verify the email address you used during registration. Go to your Sporcle Settings to finish the process.

Report this User

Report this user for behavior that violates our Community Guidelines.

Details: